How to set up a business in Spain

Bibliographic Details
Main Author: Fernǹdez, Rodolfo
Other Authors: Fernǹdez Fernǹdez, Rodolfo (coord.), Capelleras, Jordi, 1962-
Format: Book
Language:English
Published: [Barcelona] : J.M. Bosch, 2013
Subjects:
Online Access:Acceso restringido

MARC

LEADER 00000nam a2200000 a 4500
005 20131217173259.0
007 cr|||| ||||
008 131107s2013 spc|||| |||| 0|0 0 eng|
017 |a DL B. 19761-2013 
020 |a 9788494130465 
035 |a 11700 
040 |a ES-BaBC  |b cat  |c ES-BaBC  |d vLex 
043 |a e-sp--- 
080 |a 658(460) 
090 |c 4625  |d 4625 
100 1 |a Fernǹdez, Rodolfo 
245 0 0 |a How to set up a business in Spain  |h [Recurso electrn̤ico] /  |c Rodolfo Fernǹdez (coordinator) ; Authors: Jordi Capelleras ... [et al.] 
256 |a Servicio en ln̕ea 
260 |a [Barcelona] :  |b J.M. Bosch,  |c 2013 
300 |a 1 recurso electrn̤ico 
506 1 |a Contenido disponible solo en los productos indicados  |d vLex Global  |d vLex Global (Academic Edition, excluding Law Schools)  |d vLex Global (U.S. Academic Edition, Law Schools)  |d vLex Global (U.S. Academic Edition, excluding Law Schools)  |d vLex Global (Academic Edition, Law Schools) 
650 0 4 |a Empresas  |x Creacin̤ 
700 1 |a Fernǹdez Fernǹdez, Rodolfo,  |e coord. 
700 1 |a Capelleras, Jordi,  |d 1962- 
740 0 |a vLex Libros (Servicio en ln̕ea) 
856 |u http://vlex.com/source/how-to-set-up-a-business-in-spain-11700  |z Acceso restringido 
942 |c BOOK 
999 0 |a Business enterprises -- Creation -- Spain